[Event "Figueres op 8th"]
[Site "Figueres"]
[Date "2018.12.28"]
[Round "4.8"]
[White "Alcaraz Martinez, Leandro"]
[Black "Carranza Font, Joan"]
[Result "0-1"]
[WhiteElo "1425"]
[BlackElo "1744"]
[PlyCount "96"]
[EventDate "2018.12.27"]
[EventType "swiss"]
[EventRounds "8"]
[EventCountry "ESP"]
[SourceTitle "EXT 2024"]
[Source "ChessBase"]
[SourceDate "2023.10.10"]
[SourceVersion "1"]
[SourceVersionDate "2023.10.10"]
[SourceQuality "1"]

1. d4 Nf6 2. c4 g6 3. Nc3 Bg7 4. Nf3 d6 5. e4 0-0 6. Be2 Nbd7 7. 0-0 e5 8. dxe5 Nxe5 9. Nxe5 dxe5 10. Qxd8 Rxd8 11. Bg5 h6 12. Bxf6 Bxf6 13. Nd5 Bg5 14. Nxc7 Rb8 15. Nd5 f5 16. exf5 Bxf5 17. f4 exf4 18. Nxf4 Rd2 19. Bf3 Bxf4 20. Bd5+ Rxd5 21. cxd5 Be5 22. h3 Bxb2 23. Rad1 Rd8 24. Rfe1 Ba3 25. g4 Bd7 26. Rd3 Bc5+ 27. Kg2 Bb5 28. Rdd1 Bc4 29. Re5 Bd6 30. Re6 Kf7 31. Re4 b5 32. Rd2 Bc5 33. Re5 Rd6 34. h4 Kf6 35. Re6+ Rxe6 36. dxe6 Kxe6 37. Rc2 Ke5 38. a4 a6 39. axb5 axb5 40. Rc1 Kf4 41. Kh3 Be3 42. Ra1 b4 43. Ra4 Bd2 44. g5 h5 45. Ra8 Be6+ 46. Kh2 Kg4 47. Re8 Bf5 48. Re2 Bc3 0-1

[Event "Figueres op 8th"]
[Site "Figueres"]
[Date "2018.12.27"]
[Round "2.9"]
[White "Casado Graboleda, Jokin"]
[Black "Carranza Font, Joan"]
[Result "0-1"]
[WhiteElo "1330"]
[BlackElo "1744"]
[PlyCount "114"]
[EventDate "2018.12.27"]
[EventType "swiss"]
[EventRounds "8"]
[EventCountry "ESP"]
[SourceTitle "EXT 2024"]
[Source "ChessBase"]
[SourceDate "2023.10.10"]
[SourceVersion "1"]
[SourceVersionDate "2023.10.10"]
[SourceQuality "1"]

1. e4 e5 2. Nf3 Nc6 3. d4 exd4 4. Nxd4 Bc5 5. Be3 Qf6 6. Nxc6 Bxe3 7. fxe3 dxc6 8. Nc3 Be6 9. Qd4 b6 10. 0-0-0 Rd8 11. Qxd8+ Qxd8 12. Rxd8+ Kxd8 13. Be2 Nf6 14. Rd1+ Ke7 15. e5 Nd7 16. b3 Nxe5 17. Ne4 h6 18. c4 Bf5 19. Ng3 Bg6 20. Rd4 c5 21. Rd5 f6 22. a3 Rd8 23. e4 Bh7 24. Bh5 Rd6 25. Kd2 g6 26. Be2 Bg8 27. Rxd6 cxd6 28. Nf1 Nc6 29. Ne3 Nd4 30. Bd1 Ke6 31. Nd5 Ke5 32. Ke3 Bxd5 33. cxd5 f5 34. exf5 Nxf5+ 35. Kd3 Kxd5 36. Bf3+ Ke5 37. Kc4 Nd4 38. Bb7 b5+ 39. Kc3 d5 40. Ba8 a5 41. b4 axb4+ 42. axb4 c4 43. h3 h5 44. Bb7 h4 45. Bc8 Nc6 46. Bd7 d4+ 47. Kd2 Nxb4 48. Bxb5 c3+ 49. Ke2 Kf4 50. Be8 d3+ 51. Kd1 g5 52. Bg6 Ke3 53. Bf5 c2+ 54. Kc1 d2+ 55. Kb2 c1Q+ 56. Kb3 d1Q+ 57. Kxb4 Qd4+ 0-1

[Event "Girona Gerunda op"]
[Site "Girona"]
[Date "2018.11.06"]
[Round "7"]
[White "Carranza Font, Joan"]
[Black "Alvarez Serra, Jordi"]
[Result "1-0"]
[WhiteElo "2007"]
[BlackElo "2059"]
[PlyCount "54"]
[EventDate "2018.09.25"]
[EventType "swiss"]
[EventRounds "9"]
[EventCountry "ESP"]
[SourceTitle "EXT 2020"]
[Source "ChessBase"]
[SourceDate "2019.10.17"]
[SourceVersion "1"]
[SourceVersionDate "2019.10.17"]
[SourceQuality "1"]

1. e4 c6 2. d4 g6 3. Nc3 d5 4. h3 dxe4 5. Nxe4 Bg7 6. Nf3 Nd7 7. Bc4 Ngf6 8. Neg5 0-0 9. Nxf7 Rxf7 10. Ng5 Nd5 11. Nxf7 Kxf7 12. Qf3+ N7f6 13. 0-0 Kg8 14. Re1 Bf5 15. Qe2 Ne4 16. c3 Bf6 17. Bf4 Qf8 18. f3 Nd6 19. b3 Rd8 20. Qe3 Bc8 21. g4 Qf7 22. Kg2 e6 23. Kg3 Qe7 24. Re2 Bh4+ 25. Kg2 Bf6 26. Rae1 Bh4 27. Rc1 b5 1-0

[Event "Girona Gerunda op"]
[Site "Girona"]
[Date "2018.10.16"]
[Round "4"]
[White "Carranza Font, Joan"]
[Black "Gimenez Pau, Daniel"]
[Result "1-0"]
[WhiteElo "2007"]
[BlackElo "1825"]
[PlyCount "81"]
[EventDate "2018.09.25"]
[EventType "swiss"]
[EventRounds "9"]
[EventCountry "ESP"]
[SourceTitle "EXT 2020"]
[Source "ChessBase"]
[SourceDate "2019.10.17"]
[SourceVersion "1"]
[SourceVersionDate "2019.10.17"]
[SourceQuality "1"]

1. d4 d5 2. c4 Bf5 3. Nc3 c6 4. cxd5 cxd5 5. e3 Nf6 6. Bd3 Bxd3 7. Qxd3 e6 8. Nge2 Bd6 9. 0-0 Bxh2+ 10. Kxh2 Ng4+ 11. Kh3 Qg5 12. Nf4 f5 13. g3 Qh6+ 14. Kg2 Qh2+ 15. Kf3 Qh6 16. Bd2 Nh2+ 17. Kg2 Nxf1 18. Rxf1 Nc6 19. Rh1 Qf6 20. Na4 0-0-0 21. Nc5 e5 22. Qb5 Qe7 23. dxe5 Nxe5 24. Rc1 Nc6 25. Nxb7 Qxb7 26. Rxc6+ Kb8 27. Rc5 d4+ 28. Qxb7+ Kxb7 29. Ne6 Rd7 30. Nxd4 Rhd8 31. Rxf5 g6 32. Rb5+ Ka6 33. a4 h5 34. Bc3 Rc8 35. Ne6 g5 36. Nc5+ Rxc5 37. Rxc5 h4 38. Rxg5 Rb7 39. gxh4 Rb3 40. h5 Rb7 41. Rg6+ 1-0

[Event "Gerunda op 3rd"]
[Site "Gerunda"]
[Date "2018.05.25"]
[Round "8"]
[White "Diaz Comas, Jordi"]
[Black "Carranza Font, Joan"]
[Result "0-1"]
[WhiteElo "1876"]
[BlackElo "1792"]
[PlyCount "126"]
[EventDate "2018.04.06"]
[EventType "swiss"]
[EventRounds "9"]
[EventCountry "ESP"]
[SourceTitle "CBM 184 Extra"]
[Source "ChessBase"]
[SourceDate "2018.06.28"]
[SourceVersion "1"]
[SourceVersionDate "2018.06.28"]
[SourceQuality "1"]

1. e4 e5 2. Bc4 Nf6 3. d3 Nc6 4. Nc3 Na5 5. Bb3 Nxb3 6. axb3 Bb4 7. Nge2 d5 8. Bd2 dxe4 9. Nxe4 Bxd2+ 10. Qxd2 Nxe4 11. dxe4 Qxd2+ 12. Kxd2 Ke7 13. Nc3 c6 14. Ra5 Rd8+ 15. Ke3 f6 16. Rha1 a6 17. b4 Be6 18. b5 cxb5 19. Nxb5 Rac8 20. Nc3 Rd4 21. f3 Rb4 22. Kd2 Rxb2 23. Rb1 Rxb1 24. Nxb1 Rd8+ 25. Kc1 Kd6 26. Nc3 Rc8 27. Kb2 Rc5 28. Ra1 a5 29. Rd1+ Kc7 30. Ra1 b6 31. h4 Rc4 32. Rd1 Rb4+ 33. Ka3 b5 34. Nd5+ Bxd5 35. Rxd5 Rb1 36. c3 a4 37. Ka2 Rb3 38. Rc5+ Kd7 39. c4 bxc4 40. Rxc4 Rd3 41. Rc2 a3 42. Rf2 Kc6 43. Rc2+ Kb5 44. Rc7 Rd2+ 45. Kxa3 Rxg2 46. Kb3 Rg3 47. Kc2 h6 48. h5 Kb6 49. Rf7 Kc5 50. Kd2 Rxf3 51. Rxg7 Kd4 52. Rg6 Kxe4 53. Rxh6 f5 54. Rd6 Rf2+ 55. Ke1 Rh2 56. h6 Kf4 57. Kf1 e4 58. Kg1 Rh5 59. Rg6 Kf3 60. Ra6 e3 61. Rb6 f4 62. Rf6 e2 63. Re6 Rxh6 0-1

[Event "Gerunda op 3rd"]
[Site "Gerunda"]
[Date "2018.04.13"]
[Round "2"]
[White "Parals Marce, Luis"]
[Black "Carranza Font, Joan"]
[Result "1-0"]
[WhiteElo "2062"]
[BlackElo "1792"]
[PlyCount "73"]
[EventDate "2018.04.06"]
[EventType "swiss"]
[EventRounds "9"]
[EventCountry "ESP"]
[SourceTitle "CBM 184 Extra"]
[Source "ChessBase"]
[SourceDate "2018.06.28"]
[SourceVersion "1"]
[SourceVersionDate "2018.06.28"]
[SourceQuality "1"]

1. Nf3 d5 2. g3 c5 3. Bg2 Nc6 4. 0-0 g6 5. c4 d4 6. d3 Bg7 7. e3 Nf6 8. exd4 cxd4 9. Na3 0-0 10. Nc2 Qb6 11. b4 Bg4 12. h3 Bxf3 13. Qxf3 e5 14. b5 e4 15. dxe4 Ne5 16. Qb3 Rfc8 17. Na3 Nfd7 18. Rb1 Rc7 19. Bf4 Rac8 20. Bxe5 Nxe5 21. Rfc1 Bf8 22. f4 Bxa3 23. Qxa3 Nxc4 24. Qd3 Ne3 25. Rxc7 Rxc7 26. Rb4 Nc2 27. Rb3 Ne1 28. Qd2 d3+ 29. Qf2 Rc2 30. Qxb6 axb6 31. Kf1 Rc1 32. Rb2 Rc2 33. Rb3 d2 34. Ke2 Nxg2 35. a4 Rc4 36. e5 Rxa4 37. Rd3 1-0

[Event "Figueres Nadal op 7th"]
[Site "Figueres"]
[Date "2017.12.30"]
[Round "8"]
[White "Carranza Font, Joan"]
[Black "Clot Chico, Arnau"]
[Result "0-1"]
[WhiteElo "1823"]
[BlackElo "1905"]
[PlyCount "75"]
[EventDate "2017.12.27"]
[EventType "swiss"]
[EventRounds "8"]
[EventCountry "ESP"]
[SourceTitle "CBM 182 Extra"]
[Source "ChessBase"]
[SourceDate "2018.02.23"]
[SourceVersion "1"]
[SourceVersionDate "2018.02.23"]
[SourceQuality "1"]

1. d4 Nf6 2. c4 g6 3. Nc3 Bg7 4. e4 d6 5. Be2 0-0 6. Nf3 e5 7. dxe5 dxe5 8. 0-0 Nbd7 9. Qc2 c6 10. Rd1 Qc7 11. h3 Nh5 12. Be3 Nf4 13. Bf1 Nf6 14. Kh2 N6h5 15. Bc5 Rd8 16. g3 Ne6 17. Rxd8+ Qxd8 18. Be3 Nd4 19. Bxd4 exd4 20. Rd1 c5 21. Nd5 f5 22. Bd3 fxe4 23. Bxe4 Nf6 24. Bxg6 hxg6 25. Qxg6 Nxd5 26. cxd5 Qxd5 27. Re1 Bf5 28. Re8+ Rxe8 29. Qxe8+ Bf8 30. Qh5 Qf7 31. Qg5+ Qg6 32. Qd8 Be6 33. Nh4 Qf7 34. Qg5+ Bg7 35. f4 Qf6 36. Qh5 d3 37. Qe8+ Bf8 38. f5 0-1

[Event "Figueres Nadal op 7th"]
[Site "Figueres"]
[Date "2017.12.29"]
[Round "6"]
[White "Parals Marce, Luis"]
[Black "Carranza Font, Joan"]
[Result "1-0"]
[WhiteElo "2060"]
[BlackElo "1823"]
[PlyCount "55"]
[EventDate "2017.12.27"]
[EventType "swiss"]
[EventRounds "8"]
[EventCountry "ESP"]
[SourceTitle "CBM 182 Extra"]
[Source "ChessBase"]
[SourceDate "2018.02.23"]
[SourceVersion "1"]
[SourceVersionDate "2018.02.23"]
[SourceQuality "1"]

1. Nf3 Nf6 2. g3 g6 3. b3 Bg7 4. Bb2 0-0 5. Bg2 d6 6. d4 Nbd7 7. 0-0 c6 8. Nbd2 c5 9. e3 Rb8 10. a4 b6 11. e4 cxd4 12. Nxd4 Bb7 13. Re1 Nh5 14. a5 bxa5 15. Nc4 Rc8 16. Nxa5 Ba8 17. Nc4 Nb6 18. Na5 Qd7 19. Ra2 Rc7 20. c4 a6 21. Qd2 Rb8 22. h4 Rc5 23. Bc3 Nf6 24. Nc2 Rbc8 25. Bd4 Qc7 26. Nb4 Nfd7 27. Bxg7 Kxg7 28. Nxa6 1-0

[Event "Figueres Nadal op 7th"]
[Site "Figueres"]
[Date "2017.12.28"]
[Round "3"]
[White "Carranza Font, Joan"]
[Black "Molano Lafuente, Ismael"]
[Result "1/2-1/2"]
[WhiteElo "1823"]
[BlackElo "2092"]
[PlyCount "39"]
[EventDate "2017.12.27"]
[EventType "swiss"]
[EventRounds "8"]
[EventCountry "ESP"]
[SourceTitle "CBM 182 Extra"]
[Source "ChessBase"]
[SourceDate "2018.02.23"]
[SourceVersion "1"]
[SourceVersionDate "2018.02.23"]
[SourceQuality "1"]

1. d4 d5 2. Nc3 e6 3. e4 Nf6 4. exd5 Nxd5 5. Nxd5 Qxd5 6. Nf3 Nc6 7. Be2 e5 8. dxe5 Qxd1+ 9. Bxd1 Bg4 10. h3 Bh5 11. 0-0 0-0-0 12. Bf4 Re8 13. Nd4 Nxd4 14. Bxh5 g6 15. Bd1 Bg7 16. Re1 f6 17. Bg4+ f5 18. Bd1 Nc6 19. Bf3 Nxe5 20. Bxe5 1/2-1/2

[Event "Figueres Nadal op 7th"]
[Site "Figueres"]
[Date "2017.12.28"]
[Round "4"]
[White "Vinolas Anglada, Laura"]
[Black "Carranza Font, Joan"]
[Result "1/2-1/2"]
[WhiteElo "1415"]
[BlackElo "1823"]
[PlyCount "111"]
[EventDate "2017.12.27"]
[EventType "swiss"]
[EventRounds "8"]
[EventCountry "ESP"]
[SourceTitle "CBM 182 Extra"]
[Source "ChessBase"]
[SourceDate "2018.02.23"]
[SourceVersion "1"]
[SourceVersionDate "2018.02.23"]
[SourceQuality "1"]

1. e4 e5 2. Nc3 Nc6 3. g3 a6 4. Bg2 Bc5 5. Nge2 Nf6 6. 0-0 0-0 7. h3 d6 8. Kh2 Be6 9. f4 Nd4 10. f5 Bd7 11. d3 h6 12. Nxd4 Bxd4 13. Ne2 Ba7 14. g4 Nh7 15. Ng3 Qh4 16. Qe1 Kh8 17. Nh5 Qxe1 18. Rxe1 f6 19. Be3 Bxe3 20. Rxe3 c5 21. Ng3 b5 22. a3 a5 23. Rc1 a4 24. Ne2 Rab8 25. b4 axb3 26. cxb3 Rb6 27. Nc3 Ra6 28. Nb1 Ng5 29. Re2 Nf7 30. Ra2 Nd8 31. Nc3 Nb7 32. Bf1 Na5 33. Rb1 Ra7 34. Nd5 Nc6 35. Nb6 Rb8 36. Nxd7 Rxd7 37. Rab2 Ra7 38. b4 cxb4 39. axb4 Rba8 40. Kg3 Ra2 41. Kf3 Nd4+ 42. Ke3 R8a3 43. Kd2 Rxb2+ 44. Rxb2 Ra1 45. Bg2 Kg8 46. Ke3 Kf8 47. Kd2 Ke7 48. Kc3 Kd7 49. Kd2 Kc6 50. Kc3 Kb6 51. Kd2 Ra3 52. Bh1 Ra1 53. Bg2 Ra3 54. Bh1 Kc7 55. Bg2 Ra1 56. Kc3 1/2-1/2

[Event "Santa Eugenia op 12th"]
[Site "Santa Eugenia"]
[Date "2017.08.02"]
[Round "6"]
[White "Carranza Font, Joan"]
[Black "Rex, Torsten Claus"]
[Result "1/2-1/2"]
[WhiteElo "1662"]
[BlackElo "2053"]
[PlyCount "38"]
[EventDate "2017.07.31"]
[EventType "swiss"]
[EventRounds "9"]
[EventCountry "ESP"]
[SourceTitle "CBM 179 Extra"]
[Source "ChessBase"]
[SourceDate "2017.08.23"]
[SourceVersion "1"]
[SourceVersionDate "2017.08.23"]
[SourceQuality "1"]

1. Nf3 Nf6 2. d4 c5 3. c3 d5 4. dxc5 a5 5. g3 e6 6. Bg2 Bxc5 7. 0-0 0-0 8. Nbd2 Nc6 9. Nb3 Be7 10. Be3 Ne4 11. Ne1 Nd6 12. Nd3 Nc4 13. Bc5 b6 14. Bxe7 Nxe7 15. e4 Bb7 16. Re1 Qc7 17. Qe2 Rad8 18. exd5 Nxd5 19. Nd4 Qc8 1/2-1/2

[Event "Santa Eugenia op 12th"]
[Site "Santa Eugenia"]
[Date "2017.08.02"]
[Round "5"]
[White "Vidal Palou, Jordi"]
[Black "Carranza Font, Joan"]
[Result "0-1"]
[WhiteElo "1731"]
[BlackElo "1662"]
[PlyCount "92"]
[EventDate "2017.07.31"]
[EventType "swiss"]
[EventRounds "9"]
[EventCountry "ESP"]
[SourceTitle "CBM 179 Extra"]
[Source "ChessBase"]
[SourceDate "2017.08.23"]
[SourceVersion "1"]
[SourceVersionDate "2017.08.23"]
[SourceQuality "1"]

1. d4 Nf6 2. Nf3 d5 3. e3 Bg4 4. Nbd2 e6 5. Bd3 c5 6. c3 Nc6 7. 0-0 Bd6 8. dxc5 Bxc5 9. b4 Bd6 10. Bb2 Qc7 11. h3 Bh5 12. e4 dxe4 13. Nxe4 Nxe4 14. Bxe4 0-0 15. Qe1 Rae8 16. a4 f5 17. Bxc6 bxc6 18. Nd4 e5 19. Nb3 Rf6 20. c4 Qb8 21. c5 Bc7 22. Qe3 f4 23. Qe4 Bf7 24. Nd2 Bd5 25. Qc2 Rg6 26. f3 Qd8 27. Ne4 Qh4 28. Kh1 Rf8 29. Qf2 Qh5 30. Rae1 Be6 31. Nd6 Bxd6 32. cxd6 Rg5 33. Rg1 Bxh3 34. gxh3 Qxh3+ 35. Qh2 Qxf3+ 36. Rg2 Rh5 37. Qxh5 Qxh5+ 38. Kg1 f3 39. Rxg7+ Kxg7 40. Bxe5+ Kg6 41. Kf2 Qf5 42. Rg1+ Kf7 43. Rg7+ Ke6 44. Re7+ Kd5 45. d7 Rd8 46. Bg3 Rxd7 0-1

[Event "Platja d'Aro op 5th"]
[Site "Platja d'Aro"]
[Date "2017.06.28"]
[Round "4"]
[White "Carranza Font, Joan"]
[Black "Saurina Suner, Francesc Xavier"]
[Result "1/2-1/2"]
[WhiteElo "1692"]
[BlackElo "1990"]
[PlyCount "41"]
[EventDate "2017.06.25"]
[EventType "swiss"]
[EventRounds "9"]
[EventCountry "ESP"]
[SourceTitle "EXT 2018"]
[Source "ChessBase"]
[SourceDate "2017.10.13"]
[SourceVersion "1"]
[SourceVersionDate "2017.10.13"]
[SourceQuality "1"]

1. Nf3 Nf6 2. d4 d5 3. Bf4 c5 4. e3 Nc6 5. h3 Qb6 6. b3 Ne4 7. c3 Qa5 8. Qc1 Bf5 9. Nfd2 cxd4 10. b4 Qb6 11. exd4 e5 12. Nxe4 exf4 13. Nc5 0-0-0 14. Be2 Re8 15. Qxf4 Bg6 16. Qg4+ f5 17. Qf3 Bxc5 18. dxc5 Qb5 19. Kf1 Qa4 20. Bd1 Qa6+ 21. Be2 1/2-1/2

[Event "Llinars del Valles op 11th"]
[Site "Llinars del Valles"]
[Date "2017.05.13"]
[Round "4"]
[White "Mas Recorda, Pere"]
[Black "Carranza Font, Joan"]
[Result "1/2-1/2"]
[WhiteElo "1968"]
[BlackElo "1662"]
[PlyCount "42"]
[EventDate "2017.04.22"]
[EventType "swiss"]
[EventRounds "9"]
[EventCountry "CAT"]
[SourceTitle "EXT 2018"]
[Source "ChessBase"]
[SourceDate "2017.10.13"]
[SourceVersion "1"]
[SourceVersionDate "2017.10.13"]
[SourceQuality "1"]

1. d4 Nf6 2. c4 e5 3. dxe5 Ng4 4. Nf3 Bc5 5. e3 Nc6 6. a3 a5 7. b3 0-0 8. Bb2 Re8 9. Be2 Ngxe5 10. 0-0 Nxf3+ 11. Bxf3 Ne5 12. Nd2 Qh4 13. Be2 Qh6 14. Bd4 d6 15. Nf3 Ng4 16. Ra2 b6 17. Bxc5 bxc5 18. h3 Ne5 19. Nxe5 Rxe5 20. Bf3 Rb8 21. Rd2 Be6 1/2-1/2

[Event "Llinars del Valles op 11th"]
[Site "Llinars del Valles"]
[Date "2017.05.06"]
[Round "3"]
[White "Carranza Font, Joan"]
[Black "Baltasar Diaz, Vicente"]
[Result "1-0"]
[WhiteElo "1662"]
[BlackElo "1833"]
[PlyCount "71"]
[EventDate "2017.04.22"]
[EventType "swiss"]
[EventRounds "9"]
[EventCountry "CAT"]
[SourceTitle "EXT 2018"]
[Source "ChessBase"]
[SourceDate "2017.10.13"]
[SourceVersion "1"]
[SourceVersionDate "2017.10.13"]
[SourceQuality "1"]

1. Nf3 e6 2. c4 d5 3. d4 f5 4. g3 Nf6 5. Bg2 c6 6. Nc3 Bd6 7. 0-0 Nbd7 8. Rb1 0-0 9. c5 Bc7 10. b4 h6 11. Qc2 Ne4 12. a4 Qf6 13. Bf4 Bxf4 14. gxf4 g5 15. fxg5 Nxg5 16. Qd2 Nxf3+ 17. Bxf3 Kh7 18. Kh1 Qh4 19. e3 Nf6 20. Ne2 Bd7 21. Nf4 Rg8 22. Rg1 Ne4 23. Bxe4 fxe4 24. Rg3 e5 25. Ng2 Qh5 26. dxe5 Bg4 27. Nf4 Bf3+ 28. Kg1 Qxe5 29. Qd4 Qf5 30. b5 Qd7 31. Qf6 Raf8 32. Qe6 Qd8 33. bxc6 Rxg3+ 34. hxg3 Rf6 35. Rxb7+ Kh8 36. Qe5 1-0

[Event "Llinars del Valles op 11th"]
[Site "Llinars del Valles"]
[Date "2017.04.29"]
[Round "2"]
[White "Carranza Font, Joan"]
[Black "Bertran Milia, Eduard"]
[Result "1-0"]
[WhiteElo "1662"]
[BlackElo "1774"]
[PlyCount "53"]
[EventDate "2017.04.22"]
[EventType "swiss"]
[EventRounds "9"]
[EventCountry "CAT"]
[SourceTitle "EXT 2018"]
[Source "ChessBase"]
[SourceDate "2017.10.13"]
[SourceVersion "1"]
[SourceVersionDate "2017.10.13"]
[SourceQuality "1"]

1. Nf3 Nf6 2. d4 e6 3. c4 c5 4. Nc3 cxd4 5. Nxd4 Nc6 6. Bg5 Bc5 7. e3 a6 8. Be2 h6 9. Bh4 g5 10. Bg3 Qb6 11. Nxc6 bxc6 12. Be5 Be7 13. 0-0 0-0 14. Na4 Qa5 15. Bc3 Qd8 16. Bf3 d5 17. Qc2 Nd7 18. Rfd1 Bf6 19. Bb4 Re8 20. cxd5 cxd5 21. Rxd5 exd5 22. Bxd5 Rb8 23. Qg6+ Kh8 24. Qxh6+ Kg8 25. Qg6+ Kh8 26. Qh5+ Kg8 27. Bxf7+ 1-0